000 00271nam a2200109Ia 4500
001 1268637
005 20260417145254.0
008 260417s9999 xx 000 0 und d
020 _a9786256309364
245 0 _aZamanı Durdurun!
_cPippa Goodhart
260 _bKetebe Çocuk
999 _c1268637
_d1268637